Paises con estrellas en su bandera - Estadísticas

Estadísticas generales
  • Esta prueba ha sido intentada 539 veces
  • La puntuación promedio es 31 de 62
Estadísticas de respuestas
Continente Número de estrellas País % Correcto
América 50 Estados Unidos
91%
Oceanía 6 Australia
82%
Asia 5 China
82%
Oceanía 4 Nueva Zelanda
80%
América 27 Brasil
70%
África 1 Argelia
69%
América 1 Cuba
69%
América 8 Venezuela
69%
África 1 Marruecos
68%
África 1 Somalia
68%
América 1 Chile
67%
América 2 Panama
65%
Asia 1 Vietnam
64%
África 1 Libia
63%
África 1 Tunez
62%
América 5 Honduras
59%
África 1 Senegal
59%
Asia 1 Turquia
58%
África 1 Camerun
57%
África 1 Ghana
57%
Oceanía 4 Micronesia
55%
Oceanía 9 Tuvalu
54%
África 1 Etiopia
53%
Asia 2 Siria
52%
Oceanía 5 Islas Salomon
51%
Oceanía 5 Samoa
51%
África 1 Angola
50%
África 1 Republica Democratica del Congo
50%
Asia 5 Singapur
49%
África 1 Liberia
47%
África 1 Burkina Faso
46%
Oceanía 1 Nauru
46%
Asia 1 Pakistan
46%
Asia 1 Corea del Norte
45%
África 1 Mauritania
45%
Oceanía 5 Papua Nueva Guinea
45%
África 1 Togo
44%
América 10 Dominica
42%
Asia 1 Malasia
42%
Asia 1 Israel
41%
África 1 Sudan del Sur
41%
África 1 Mozambique
40%
Asia 12 Uzbekistan
40%
África 10 Cabo Verde
39%
África 4 Comoras
38%
África 1 Guinea Bissau
38%
Asia 1 Jordania
38%
Asia 1 Myanmar
38%
América 2 San Cristobal y Nieves
37%
América 1 Surinam
37%
Europa 9 Bosnia y Herzegovina
36%
Asia 5 Turkmenistan
36%
África 3 Burundi
35%
África 2 Santo Tome y Principe
35%
África 1 Yibuti
35%
América 7 Granada
34%
América 1 Paraguay
33%
Asia 3 Filipinas
31%
Europa 1 Azerbaiyan
30%
África 1 Zimbabue
30%
África 1 Republica Centroafricana
24%
Asia 1 Timor Oriental
24%
No se encontraron pruebas coincidentes
Distribución de puntuación
Porcentaje de gente con cada puntuación
Porcentaje por número respondido
Historial de tus puntuaciones
No has intentado esta prueba.